| 000 | 004530000a22001450004500 | ||
|---|---|---|---|
| 090 |
_aAR _b02890 |
||
| 245 | 1 | 0 | _aPreserving biodiversity: species, ecosystems, or landscape? |
| 650 | 1 | 4 |
_aSelección de áreas protegidas _992864 |
| 650 | 1 | 4 |
_aPrioridades de conservación _96993 |
| 650 | 1 | 4 |
_aEcología _992250 |
| 041 | 0 | _aInglés | |
| 100 | 1 |
_aFranklin, Jerry F. _914006 |
|
| 942 | _cARTICULO | ||
| 773 | 1 |
_tEcological Applications _3153 _h2 _q202-205 _d1993 _g3 |
|
| 999 |
_c11950 _d11950 |
||